| 000 | 00381cam a2200169 4500 | ||
|---|---|---|---|
| 001 | D14369 | ||
| 008 | 090401t1955 xxu||||| |||| 00| 0 eng d | ||
| 035 | _a(Sirsi) u94723 | ||
| 041 | _aeng | ||
| 110 |
_aWar Office _93243 |
||
| 245 | _aStar atlas for land surveyors | ||
| 260 |
_aLondon _bHMSO _c1955 |
||
| 350 | _a0 | ||
| 520 | _aShelf 183 | ||
| 942 | _n0 | ||
| 948 | _c04/03/1997 | ||
| 999 |
_c98147 _d98147 |
||